Résidences des Chefs d'États européens - Statistiques

Statistiques générales
  • Ce quiz a été pris 11 fois
    10 depuis la dernière actualisation
  • Le résultat moyen est 25 sur 48
Statistiques - réponses
Par images Hint Réponse % Correct
Palais de l'Élysée France
100%
Palácio de Belém Portugal
100%
Buckingham Palace Royaume-Uni
100%
Palais Royal Belgique
89%
Schloss Vaduz Liechtenstein
89%
Palacio Real Espagne
78%
Bessastaðir Islande
78%
Palais du Quirinal Italie
78%
Rīgas pils Lettonie
78%
Palaçi principescu Monaco
78%
Pałac Prezydencki Pologne
78%
Palazzo Apostolico Vatican
78%
Schloss Bellevue Allemagne
67%
Hofburg Autriche
67%
Palatul Cotroceni Roumanie
67%
Palazzo Pubblico Saint-Marin
67%
Proedrikó Mégaro Chypre
56%
Amalienborg Danemark
56%
Orbelianis Sasakhle Géorgie
56%
Áras an Uachtaráin Irlande
56%
Groussherzogleche Palais Luxembourg
56%
Il-Palazz Sant'Anton Malte
56%
Palatul Președinției Moldavie
56%
Pražský hrad Tchéquie
56%
Bâtiment administratif du gouvernement Andorre
44%
Zgrada Predsjedništva Bosnie-Herzégovine
44%
Proedrikó Mégaro Grèce
44%
Kuvendi i Republikës Kosovo
44%
Plavi dvorac Monténégro
44%
Koninklijk Paleis Pays-Bas
44%
Novi Dvor Serbie
44%
Grasalkovičov palác Slovaquie
44%
Domaine du Lohn Suisse
44%
Hayastani Arménie
33%
Palac Niezaliežnasci Bélarus
33%
Largo Bulgarie
33%
Predsjednički dvori Croatie
33%
Presidentinlinna Finlande
33%
Sándor-palota Hongrie
33%
Predsedniška palača Slovénie
33%
Zuğulba Azerbaïdjan
22%
Vila Vodno Macédoine du Nord
22%
Slottet Norvège
22%
Slott or Kungliga Suède
22%
Mariinskyi palats Ukraine
22%
Pallati Presidencial Albanie
11%
Kadriorg Estonie
11%
Prezidentūra Lituanie
0%
Aucun quiz correspondant
Distribution des résultats
% des personnes avec chaque résultat
Percentile par nombre de réponses
Votre historique - résultats
Vous n’avez pas pris ce quiz depuis la dernière actualisation